Seis años de vida del Tribunal Tutelar para niños / Ramón Albó
Descripción Física:
310 p. : il. ; 21 cm
Materias:
Tribunals de menors -- Barcelona
MARC
| LEADER | 00000nam a2200000Ia 4500 | ||
|---|---|---|---|
| 001 | 10782 | ||
| 008 | 160829s1927 xx 000 0 cat d | ||
| 080 | |a D-1-116 | ||
| 100 | |a Albó Martí, Ramón |9 47528 | ||
| 245 | |a Seis años de vida del Tribunal Tutelar para niños / Ramón Albó | ||
| 260 | |a Barcelona : |b (Artes Gráficas Suc. de Henrich y Ca), |c 1927 | ||
| 300 | |a 310 p. : |b il. ; |c 21 cm | ||
| 650 | |a Tribunals de menors |x Barcelona |9 37445 | ||
| 901 | |a Arxiu | ||
| 942 | |n 1 | ||
| 952 | |0 0 |1 0 |4 0 |6 D1116 |7 1 |9 55056 |a Arxiu |b Arxiu |d 2016-12-01 |l 0 |o D-1-116 |p 10782 |r 2016-12-01 00:00:00 |w 2016-12-01 |y ARXIU | ||
| 999 | |c 58926 |d 58926 | ||